| 000 | 01763nam a22001577a 4500 | ||
|---|---|---|---|
| 041 | _aukr | ||
| 080 | _a09 | ||
| 090 | _bСЛО | ||
| 100 | _aСлободзяна, В. М. | ||
| 245 | _aНетрадиційні уроки як засіб формування іншомовної комунікативної компетенції на уроках англійської мови (на прикладі учнів 1-4 класів) | ||
| 260 |
_aОстрог _bКАФ _c2014 |
||
| 300 | _a76 | ||
| 520 |
_aВступ.
Розділ І. Поняття іншомовної комунікативної компетенції у сучасній психолого-педагогічній літературі.
1.1. Поняття іншомовної комунікативної компетенції
1.2. Особливості формування комунікативної компетенції учнів початкової школи
1.3. Комунікавний підхід як засіб формування основних видів компетентності
Розділ ІІ. Нетрадиційні уроки у процесі формування іншомовної комунікативної компетенції.
2.1. Нетрадиційні уроки як методи формування іншомовної комунікативної компетенції учнів початкових класів
2.2. Фрагменти нетрадиційних уроків для учнів 1-4 класів
Висновки.
Список використаної літератури.
Додатки. _0комунікативна компетенція, методика |
||
| 650 | _aResearch Papers | ||
| 999 |
_c285392 _d285392 |
||
| 942 | _cBK | ||